000 00239nam a22000857a 4500
008 170113b xxu||||| |||| 00| 0 eng d
100 _92409
_aBritanica
245 _aBritanica Ready Reference Encyclopedia
260 _aNew Delhi
_bEncyclopedia
_c2005
999 _c5442
_d5442